000 00878cam a2200145 4500500
005 20260329004106.0
041 _afre
042 _adc
100 1 0 _aGoldman, Oury
_eauthor
245 0 0 _aDescifrar las guerras de religión. Thierry Amalou, La Sorbonne entre en guerre de religion, Autorité universitaire, censure et pouvoir royal en France (vers 1551 – vers 1589), Droz, «Travaux d’humanisme et Renaissance», 2024, 592 páginas, 75 euros. Denis Crouzet, Paris criminel, 1572, Les Belles Lettres, 2024, 378 páginas, 25 euros. Jérémie Foa, Survivre, Une autre histoire des guerres de religion, Seuil, «L’univers historique», 2024, 352 páginas, 23 euros.
260 _c2026.
500 _a6
786 0 _nÉtudes | 4334 | 2 | 2026-01-26 | p. 119-120
856 4 1 _uhttps://shs.cairn.info/revista-etudes-2026-2-page-119?lang=es&redirect-ssocas=7080
999 _c1830561
_d1830561